000 00445nam a22001697a 4500
005 20180710095132.0
008 160512b xxu||||| |||| 00| 0 eng d
020 _a81-203-1369-0
041 _aeng
082 _b1666
_a658.15
100 _aPike, Richard,AND Bill, Neale
_94489
245 _aCorporate Finance investment:Decision and Strategies
260 _aNew Delhi
_bPHI,
_c1996
300 _a706p,
650 _aManagement
_9241
942 _cBK
999 _c649
_d649